Dinosaures par images - Iguanodontes - Statistiques

Statistiques générales
  • Ce quiz a été pris 8 fois
  • Le résultat moyen est 2 sur 76
Statistiques - réponses
Par images Réponse % Correct
Iguanodon
100%
Camptosaurus
40%
Dryosaurus
20%
Muttaburrasaurus
20%
Ouranosaurus
20%
Tenontosaurus
20%
Altirhinus
0%
Ampelognathus
0%
Anabisetia
0%
Atlascopcosaurus
0%
Barilium
0%
Bayannurosaurus
0%
Bolong
0%
Brighstoneus
0%
Callovosaurus
0%
Calvarius
0%
Chakisaurus
0%
Choyrodon
0%
Comptonatus
0%
Convolosaurus
0%
Cumnoria
0%
Dakotadon
0%
Diluvicursor
0%
Draconyx
0%
Dysalotosaurus
0%
Elrhazosaurus
0%
Emiliasaura
0%
Eousdryosaurus
0%
Foskeia
0%
Fostoria
0%
Galleonosaurus
0%
Gasparinisaura
0%
Hesperonyx
0%
Hippodraco
0%
Hypselospinus
0%
Iani
0%
Iguanacolossus
0%
Isasicursor
0%
Istiorachis
0%
Iyuku
0%
Jinzhousaurus
0%
Kangnasaurus
0%
Lanzhousaurus
0%
Leaellynasaura
0%
Lophorhothon
0%
Lurdusaurus
0%
Macrogryphosaurus
0%
Magnamanus
0%
Mahuidacursor
0%
Mantellisaurus
0%
Matheronodon
0%
Mochlodon
0%
Morrosaurus
0%
Napaisaurus
0%
Notohypsilophodon
0%
Obelignathus
0%
Oblitosaurus
0%
Osmakasaurus
0%
Owenodon
0%
Pareisactus
0%
Planicoxa
0%
Proa
0%
Qantassaurus
0%
Rhabdodon
0%
Riabininohadros
0%
Sektensaurus
0%
Siamodon
0%
Talenkauen
0%
Theiophytalia
0%
Tietasaura
0%
Transylvanosaurus
0%
Trinisaura
0%
Valdosaurus
0%
Vectidromeus
0%
Yueosaurus
0%
Zalmoxes
0%
Aucun quiz correspondant
Distribution des résultats
% des personnes avec chaque résultat
Percentile par nombre de réponses
Votre historique - résultats
Vous n’avez pas pris ce quiz